000 00750nam a2200253 a 4500
001 59001
003 BD-RjUL
005 20211209080701.0
008 161220s1994 enka 001 0 eng d
020 _a0113306342
035 _a(BD-RjUL)59125
040 _aDB/U-1
_beng
_cBD-RjUL
_dBD-RjUL
041 _aeng
082 _a005.74
_223
_bDAT 1994
245 0 0 _aData management /
260 _aLondon :
_bHMSO,
_cc1994
300 _a165 p :
_bill. ;
_c26 cm
490 _aInformation management library.
500 _aIncludes index
650 0 _aDatabase management.
_9175456
710 1 _aGreat Britain.
_bTreasury.
_bCentral Computer and Telecommunications Agency.
_9175457
830 0 _aInformation management library
_9179578
942 _2ddc
_cBK
999 _c59001
_d59001